000
00294nam a22001337a 4500
008
180921b xxu||||| |||| 00| 0 eng d
020
_a
0139021639
041
_a
eng
080
_a
004
100
_a
28
101
_a
SHK
245
_a
The technology of teaching
_c
Skinner,B.F
942
_2
udc
_c
BK
999
_c
48178
_d
48178